Poznatky z merania akustickej emisie pri rezaní kovov

Bibliographic Details
Main Authors: Poppeová, Viera (Author), Kumičáková, Darina (Author)
Format: Article
Language:Slovak
PhysicalDescription:Sch. 2., lit. 3 zázn. v slov., češ., ruš.
Subjects:

MARC

LEADER 00000nab a2200000 a 4500
001 vtls000458771
003 SK-MaSNL
005 20260302235738.0
008 120926c1992 xo 0 slo
015 |a SNBRA19rr/mm-uuuuu 
035 |a CL0458902 
040 |a SNKBUCL  |b slo  |c SNKBUCL  |e AACR2 
041 0 |a slo 
044 |a xo  |c SK 
080 |a 621.93:534.61  |2 1981 
080 |a 534.61  |2 1981 
100 1 |a Poppeová, Viera  |4 aut  |9 727817 
245 1 0 |a Poznatky z merania akustickej emisie pri rezaní kovov  |c Viera Poppeová, Darina Kumičáková 
300 |b Sch. 2., lit. 3 zázn. v slov., češ., ruš. 
650 0 7 |a rezanie  |2 snkbucl  |9 19599 
650 0 7 |a emisia akustická  |2 snkbucl  |9 931517 
655 7 |a články zo zborníkov  |2 snkbucl  |9 166140 
700 1 |a Kumičáková, Darina  |4 aut  |9 11083 
773 0 |t Nástroje 92  |d Bratislava : Dom techniky ZSVTS, 1992  |g S. 54-59 
850 |a Slovenská národná knižnica v Martine  |a MTA001 
852 |a SNK  |b KIS3GCP 
958 |a RK 
992 |a RZB 
999 |c 1555708  |d 1557638